Voltaire / (Record no. 112831)
[ view plain ]
| 000 -LEADER | |
|---|---|
| campo de control de longitud fija | 00567nam a2200193 i 4500 |
| 001 - NÚMERO DE CONTROL | |
| campo de control | 112831 |
| 003 - IDENTIFICADOR DE NÚMERO DE CONTROL | |
| campo de control | ES-MaACL |
| 005 - FECHA Y HORA DE LA ÚLTIMA TRANSACCIÓN | |
| campo de control | 20250716025357.0 |
| 007 - CAMPO FIJO DE DESCRIPCIÓN FÍSICA--INFORMACIÓN GENERAL | |
| campo de control de longitud fija | t| |
| 008 - DATOS DE LONGITUD FIJA--INFORMACIÓN GENERAL | |
| campo de control de longitud fija | 061121s1942 ag r ||||1| spa d |
| 100 1# - ENTRADA PRINCIPAL--NOMBRE DE PERSONA | |
| Nombre de persona | Noyes, Alfred. |
| 9 (RLIN) | 86106 |
| 245 10 - MENCIÓN DEL TÍTULO | |
| Título | Voltaire / |
| Mención de responsabilidad, etc. | Alfred Noyes; traducción de Pedro Lecuona. |
| 260 ## - PUBLICACIÓN, DISTRIBUCIÓN, ETC. | |
| Lugar de publicación, distribución, etc. | Buenos Aires : |
| Nombre del editor, distribuidor, etc. | Ed. Sudamericana, |
| Fecha de publicación, distribución, etc. | 1942. |
| 300 ## - DESCRIPCIÓN FÍSICA | |
| Extensión | 661 p. ; |
| Dimensiones | 22 cm. |
| 600 04 - PUNTO DE ACCESO ADICIONAL DE MATERIA--NOMBRE DE PERSONA | |
| Nombre de persona | Voltaire, |
| Fechas asociadas al nombre | 1694-1778 |
| 9 (RLIN) | 115721 |
| 700 1# - ENTRADA AGREGADA--NOMBRE PERSONAL | |
| Nombre de persona | Lecuona, Pedro. |
| 9 (RLIN) | 71125 |
| 852 ## - LOCALIZACIÓN | |
| Ubicación | ES-MaACL |
| Número de control de estantería | F-16299 |
| Sublocalización o colección | R.21823 |
| Estatus retirado | Estado de pérdida | Estado de daño | No para préstamo | Biblioteca de origen | Biblioteca actual | Ubicación en estantería | Fecha de adquisición | Fuente de adquisición | Total de préstamos | Signatura topográfica completa | Código de barras | Visto por última vez | Precio de reemplazo | Tipo de ítem Koha |
|---|---|---|---|---|---|---|---|---|---|---|---|---|---|---|
| Biblioteca del Ateneo de Madrid | Biblioteca del Ateneo de Madrid | Sala Pecera Planta 2 | 17/01/2008 | F-16299 | 1117692 | 23/02/2023 | 23/02/2023 | Libro impreso |
